[Event "Vers La Maitrise"]
[Site "Montreal CAN"]
[Date "1997.02.20"]
[Round "6"]
[White "Lalonde, Paul"]
[Black "Gardner, Robert"]
[Result "0-1"]
[WhiteElo "1830"]
[BlackElo "2075"]
[PlyCount "106"]
[GameId "2160767911999484"]
[EventDate "1997.01.16"]
[EventType "swiss"]
[EventRounds "6"]
[EventCountry "CAN"]

1. e4 c5 2. Nf3 d6 3. d4 cxd4 4. Nxd4 Nf6 5. Nc3 a6 6. Bc4 e6 7. Bb3 Nbd7 8. f4 Nc5 9. O-O Be7 10. e5 dxe5 11. fxe5 Nxb3 12. axb3 Bc5 13. Be3 Nd5 14. Qf3 O-O 15. Bf2 Nxc3 16. bxc3 Qc7 17. Rae1 Rb8 18. Bh4 b5 19. Qg4 Kh8 20. Re3 Rg8 21. Rg3 Bb7 22. Qh5 Rbf8 23. Rf6 g6 24. Qe2 Be7 25. Bg5 Qd8 26. Rh3 Rg7 27. Qf2 h5 28. Bh6 Bxf6 29. exf6 Rh7 30. Bxf8 Qxf8 31. Rd3 Kg8 32. Nf3 Bxf3 33. Qxf3 Rh8 34. Qe3 Kh7 35. Qa7 Qe8 36. Rd7 Rf8 37. Re7 Qd8 38. Rxf7+ Rxf7 39. Qxf7+ Kh6 40. Qg7+ Kg5 41. h4+ Kxh4 42. Qe7 Qb6+ 43. Kh2 Qb8+ 44. Kh1 Qe5 45. f7+ Kg3 46. Qa7 Qf4 47. f8=Q Qxf8 48. Qe3+ Kg4 49. Qxe6+ Qf5 50. Qe2+ Kg5 51. Kg1 Kh6 52. Qd3 Qxd3 53. cxd3 a5 0-1

[Event "Vers La Maitrise"]
[Site "Montreal CAN"]
[Date "1997.02.20"]
[Round "6"]
[White "Rashev, Nick"]
[Black "Gladu, Pierre"]
[Result "0-1"]
[WhiteElo "1935"]
[BlackElo "2150"]
[PlyCount "78"]
[GameId "2160767911999485"]
[EventDate "1997.01.16"]
[EventType "swiss"]
[EventRounds "6"]
[EventCountry "CAN"]

1. d4 Nf6 2. Nf3 g6 3. c4 Bg7 4. g3 O-O 5. Bg2 d6 6. O-O Nc6 7. d5 Na5 8. Nbd2 c5 9. e4 e5 10. dxe6 Bxe6 11. b3 Ng4 12. Rb1 f5 13. Bb2 Bxb2 14. Rxb2 Qf6 15. Qc1 Nc6 16. exf5 Bxf5 17. h3 Nge5 18. Nxe5 Nxe5 19. Ne4 Bxe4 20. Bxe4 Rae8 21. Re2 Nf3+ 22. Bxf3 Qxf3 23. Rxe8 Rxe8 24. Qd2 Re6 25. Re1 Kf7 26. Rxe6 Kxe6 27. Qa5 a6 28. Qd8 Qf7 29. Qg5 Kd7 30. h4 b5 31. Qg4+ Kc7 32. Qe4 Qf6 33. Kg2 bxc4 34. bxc4 Kb6 35. Qb1+ Ka5 36. Qd1 Qd4 37. Qe1+ Ka4 38. Qc1 Kb4 39. a3+ Kb3 0-1

[Event "Weekend Before Xmas"]
[Site "Edmonton CAN"]
[Date "1997.12.20"]
[Round "1"]
[White "Doo, Alvin"]
[Black "Ottosen, David"]
[Result "0-1"]
[WhiteElo "1690"]
[BlackElo "2090"]
[PlyCount "58"]
[GameId "2160767911874303"]
[EventDate "1997.12.20"]
[EventType "swiss"]
[EventRounds "5"]
[EventCountry "CAN"]

1. e4 c5 2. Nf3 Nc6 3. d4 cxd4 4. Nxd4 g6 5. Bc4 Bg7 6. Be3 Nf6 7. Nc3 O-O 8. O-O d6 9. f4 Ng4 10. Nxc6 bxc6 11. Qd2 Nxe3 12. Qxe3 Rb8 13. b3 Qa5 14. e5 dxe5 15. Rad1 exf4 16. Qxe7 Qxc3 17. Rd8 Be6 18. Rxb8 Rxb8 19. Bxe6 Qe3+ 20. Kh1 fxe6 21. Qd6 Rf8 22. Qxc6 Qe2 23. Qf3 Qxf3 24. Rxf3 e5 25. c4 e4 26. Rf1 e3 27. Kg1 e2 28. Re1 Bd4+ 29. Kh1 Re8 0-1

[Event "Wentworth Active"]
[Site "Ancaster CAN"]
[Date "1997.08.24"]
[Round "3"]
[White "Day, Lawrence"]
[Black "Nickoloff, Bryon"]
[Result "1/2-1/2"]
[WhiteElo "2497"]
[BlackElo "2499"]
[PlyCount "73"]
[GameId "2160767911932156"]
[EventDate "1997.08.24"]
[EventType "tourn (rapid)"]
[EventRounds "5"]
[EventCountry "CAN"]

1. e4 c5 2. Nc3 Nc6 3. g3 g6 4. Bg2 Bg7 5. d3 d6 6. f4 e6 7. Nf3 Nge7 8. O-O O-O 9. Rb1 Rb8 10. Be3 Nd4 11. Ne2 Nxf3+ 12. Bxf3 b6 13. c4 f5 14. d4 fxe4 15. Bxe4 d5 16. Bg2 Ba6 17. dxc5 Nf5 18. Bf2 Bxc4 19. b3 Ba6 20. cxb6 axb6 21. Re1 Qf6 22. Nc1 d4 23. Be4 Rbd8 24. Nd3 Nd6 25. Bg2 Nb5 26. Qd2 Nc3 27. Rb2 Rfe8 28. Nb4 Bb5 29. a4 Bf8 30. Nc2 Ba6 31. Bxd4 Rxd4 32. Qxc3 Rxf4 33. Qxf6 Rxf6 34. b4 Bd3 35. Ne3 h5 36. Nd5 Rf7 37. Nf4 1/2-1/2

[Event "Wentworth Active"]
[Site "Ancaster CAN"]
[Date "1997.08.24"]
[Round "3"]
[White "Livshits, Ron"]
[Black "Hartman, Brian"]
[Result "1-0"]
[WhiteElo "2447"]
[BlackElo "2517"]
[PlyCount "51"]
[GameId "2160767911932157"]
[EventDate "1997.08.24"]
[EventType "tourn (rapid)"]
[EventRounds "5"]
[EventCountry "CAN"]
[SourceTitle "CFC 1997.12"]

1. d4 Nf6 2. c4 e6 3. Nc3 Bb4 4. Qc2 c5 5. dxc5 Na6 6. a3 Bxc3+ 7. Qxc3 Nxc5 8. b4 Nce4 9. Qb2 d5 10. c5 d4 11. e3 Ng4 12. Nh3 dxe3 13. Qxg7 exf2+ 14. Nxf2 Qf6 15. Qxf6 Ngxf6 16. Bb2 Rg8 17. Bd3 Rxg2 18. Bxe4 Nxe4 19. Nxe4 Rxb2 20. Rg1 f5 21. O-O-O Ra2 22. Nc3 Rxa3 23. Kb2 Ra6 24. b5 Ra5 25. Rg8+ Kf7 26. Rdd8 1-0

[Event "Wentworth Active"]
[Site "Ancaster CAN"]
[Date "1997.08.24"]
[Round "4"]
[White "Hartman, Brian"]
[Black "Nickoloff, Bryon"]
[Result "1-0"]
[WhiteElo "2517"]
[BlackElo "2499"]
[PlyCount "61"]
[GameId "2160767911932158"]
[EventDate "1997.08.24"]
[EventType "tourn (rapid)"]
[EventRounds "5"]
[EventCountry "CAN"]

1. e4 c5 2. Nf3 d6 3. d4 cxd4 4. Nxd4 Nf6 5. Nc3 a6 6. Bg5 e6 7. f4 b5 8. e5 dxe5 9. fxe5 Qc7 10. Qe2 Nfd7 11. O-O-O Bb7 12. Nf5 exf5 13. e6 Nf6 14. Bxf6 gxf6 15. Qh5 Bb4 16. Bd3 Bxc3 17. bxc3 Be4 18. Bxe4 fxe4 19. Rd7 Nxd7 20. Qxf7+ Kd8 21. Rd1 Kc8 22. Rxd7 Qc6 23. Qe7 Rb8 24. Rd6 Qc7 25. Rd7 Qxc3 26. Rd5 Rb7 27. Rc5+ Qxc5 28. Qxc5+ Rc7 29. Qd5 Kb8 30. Qxe4 Re8 31. Qf5 1-0

[Event "Winnipeg TNT Jan op"]
[Site "Winnipeg CAN"]
[Date "1997.01.14"]
[Round "2"]
[White "Hassain, Mahmud"]
[Black "Gibbons, Michael"]
[Result "0-1"]
[WhiteElo "1950"]
[BlackElo "2039"]
[PlyCount "68"]
[GameId "2160767911999584"]
[EventDate "1997.01.07"]
[EventType "swiss"]
[EventRounds "4"]
[EventCountry "CAN"]

1. e4 d6 2. d4 Nf6 3. Bd3 Nc6 4. c3 e5 5. d5 Ne7 6. f4 exf4 7. Bxf4 Ng6 8. Bg5 Be7 9. Bb5+ Bd7 10. Bxd7+ Qxd7 11. Nd2 h6 12. Be3 Ng4 13. Bd4 N4e5 14. Ndf3 Bf6 15. Nxe5 Nxe5 16. Nf3 Qe7 17. Qe2 O-O 18. O-O Rae8 19. Rae1 Qd7 20. Bxe5 Bxe5 21. Nxe5 Rxe5 22. Qf3 Qe7 23. g4 h5 24. gxh5 Qg5+ 25. Kh1 Qxh5 26. Qxh5 Rxh5 27. Rf4 Re8 28. h4 g5 29. Rg1 Re5 30. Rgg4 Kf8 31. Rf5 Rxf5 32. exf5 Rxh4+ 33. Rxh4 gxh4 34. Kh2 Kg7 0-1

[Event "Winnipeg TNT Jan op"]
[Site "Winnipeg CAN"]
[Date "1997.01.14"]
[Round "2"]
[White "Kim, Phillip"]
[Black "Czypinski, Jaroslaw"]
[Result "0-1"]
[WhiteElo "2097"]
[BlackElo "1938"]
[PlyCount "87"]
[GameId "2160767911999585"]
[EventDate "1997.01.07"]
[EventType "swiss"]
[EventRounds "4"]
[EventCountry "CAN"]

1. e4 e5 2. Nf3 d6 3. d4 Nf6 4. Bc4 Be7 5. dxe5 dxe5 6. Qxd8+ Bxd8 7. Nxe5 O-O 8. Nc3 Nbd7 9. Nxd7 Bxd7 10. O-O Re8 11. f3 Bc6 12. Bf4 Nd7 13. Rad1 Ne5 14. Bb3 Kf8 15. a4 a6 16. Ne2 f6 17. Kh1 Be7 18. Nd4 Bd7 19. Be6 Bd6 20. Bxe5 Bxe6 21. Bxd6+ cxd6 22. Rd2 Ke7 23. b3 Red8 24. c4 Rac8 25. Kg1 g6 26. Rfd1 Rd7 27. h3 Rcd8 28. Re1 Rc8 29. f4 Rcd8 30. Nf5+ Kf7 31. Nd4 Re7 32. Red1 Bc8 33. Nc2 Rxe4 34. Rd4 Re2 35. R1d2 Rxd2 36. Rxd2 Bf5 37. Ne3 Be4 38. Kf2 Bc6 39. g3 Ke6 40. Nc2 f5 41. a5 Be4 42. Nd4+ Ke7 43. g4 Rc8 44. Ra2 0-1

[Event "Winnipeg TNT Jan op"]
[Site "Winnipeg CAN"]
[Date "1997.01.21"]
[Round "3"]
[White "Gibbons, Michael"]
[Black "Czypinski, Jaroslaw"]
[Result "1/2-1/2"]
[WhiteElo "2039"]
[BlackElo "1938"]
[PlyCount "74"]
[GameId "2160767911999586"]
[EventDate "1997.01.07"]
[EventType "swiss"]
[EventRounds "4"]
[EventCountry "CAN"]

1. d4 e5 2. dxe5 Nc6 3. Nf3 Qe7 4. g3 Nxe5 5. Nxe5 Qxe5 6. Bg2 Nf6 7. O-O d6 8. Nc3 Be7 9. Bf4 Qh5 10. e4 Ng4 11. h3 Nf6 12. e5 Qxd1 13. Raxd1 dxe5 14. Bxe5 c6 15. Rfe1 Be6 16. Bd6 Rd8 17. Bxe7 Rxd1 18. Rxd1 Kxe7 19. a4 Rd8 20. Rxd8 Kxd8 21. g4 h6 22. f4 g5 23. f5 Bd7 24. Kf2 Kc7 25. a5 Kd6 26. b4 h5 27. Ne4+ Nxe4+ 28. Bxe4 h4 29. Ke3 Ke5 30. c4 f6 31. Bg2 Be8 32. Bf3 Bf7 33. Be2 b6 34. axb6 axb6 35. Bf1 Be8 36. Bg2 Bd7 37. c5 b5 1/2-1/2

[Event "Winnipeg TNT Jan op"]
[Site "Winnipeg CAN"]
[Date "1997.01.28"]
[Round "4"]
[White "Czypinski, Jaroslaw"]
[Black "Hassain, Mahmud"]
[Result "1-0"]
[WhiteElo "1938"]
[BlackElo "1950"]
[PlyCount "47"]
[GameId "2160767911999587"]
[EventDate "1997.01.07"]
[EventType "swiss"]
[EventRounds "4"]
[EventCountry "CAN"]

1. e4 c5 2. Nf3 d6 3. c3 Nc6 4. d4 cxd4 5. cxd4 Bg4 6. Be2 Qb6 7. Nc3 Bxf3 8. Bxf3 Qxd4 9. Bd2 a6 10. O-O Nf6 11. Ne2 Qb6 12. Be3 Qd8 13. Qb3 Ne5 14. Nd4 Nxf3+ 15. Nxf3 Nd7 16. e5 e6 17. exd6 Bxd6 18. Rfd1 Qc7 19. Qd3 Be7 20. Rac1 Qd8 21. Qe4 Qb8 22. Bf4 Nf6 23. Qd4 Qd8 24. Qa4+ 1-0

[Event "Winnipeg TNT Jan op"]
[Site "Winnipeg CAN"]
[Date "1997.01.28"]
[Round "4"]
[White "Kim, Phillip"]
[Black "Gibbons, Michael"]
[Result "0-1"]
[WhiteElo "2097"]
[BlackElo "2039"]
[PlyCount "32"]
[GameId "2160767911999588"]
[EventDate "1997.01.07"]
[EventType "swiss"]
[EventRounds "4"]
[EventCountry "CAN"]

1. e4 d6 2. c4 e5 3. Nc3 Nf6 4. Be2 Nc6 5. h3 Be6 6. f4 g6 7. Nf3 Bg7 8. g4 h5 9. f5 hxg4 10. fxe6 gxf3 11. exf7+ Kxf7 12. Bxf3 Nh5 13. O-O Kg8 14. d3 Ng3 15. Rf2 Rxh3 16. Bg4 Rh1+ 0-1

[Event "Winnipeg TNT Jan op"]
[Site "Winnipeg CAN"]
[Date "1997.01.28"]
[Round "4"]
[White "Trueman, Francis"]
[Black "Taylor, Gordon2"]
[Result "0-1"]
[WhiteElo "1510"]
[BlackElo "1671"]
[PlyCount "68"]
[GameId "2160767911999589"]
[EventDate "1997.01.07"]
[EventType "swiss"]
[EventRounds "4"]
[EventCountry "CAN"]

1. Nf3 Nf6 2. d3 c5 3. e4 e6 4. Nbd2 d5 5. g3 b6 6. Bg2 Bb7 7. Qe2 g6 8. c3 Bg7 9. O-O O-O 10. Re1 Qc7 11. Nf1 Ba6 12. Bf4 Qb7 13. e5 Nfd7 14. Qd2 Qc7 15. d4 Nc6 16. Bh6 Rae8 17. Ne3 f6 18. Bxg7 Kxg7 19. Ng4 Re7 20. exf6+ Nxf6 21. Nh6 Ne4 22. Qc1 e5 23. Ng5 Nxf2 24. Qd2 e4 25. Bh3 Qd6 26. Bg2 Nd3 27. Nh3 cxd4 28. Qg5 Qf6 29. Ng4 Qxg5 30. Nxg5 Nxe1 31. Rxe1 Ne5 32. Nxe5 Rxe5 33. h4 d3 34. Bh3 Bc8 0-1

[Event "Winnipeg TNT June op"]
[Site "Winnipeg CAN"]
[Date "1997.06.10"]
[Round "2"]
[White "Piche, Jeremie"]
[Black "Gibbons, Michael"]
[Result "0-1"]
[WhiteElo "1714"]
[BlackElo "2014"]
[PlyCount "61"]
[GameId "2160767911965714"]
[EventDate "1997.06.??"]
[EventType "swiss"]
[EventRounds "4"]
[EventCountry "CAN"]

1. e4 d6 2. d4 Nf6 3. Nc3 g6 4. f4 Bg7 5. Nf3 O-O 6. h3 c5 7. Be3 cxd4 8. Nxd4 Nc6 9. Be2 Bd7 10. Qd2 Rc8 11. O-O-O a6 12. g4 Na5 13. e5 Ne8 14. Nf3 Bc6 15. Nd4 dxe5 16. Nxc6 Nxc6 17. Nd5 Qd6 18. c4 Nd4 19. Kb1 e6 20. fxe5 Bxe5 21. Bxd4 exd5 22. c5 Qc7 23. Rc1 Ng7 24. b4 Rfe8 25. Be3 Qd7 26. Bh6 Qb5 27. a3 d4 28. Bf1 Qa4 29. Qc3 Qd7 30. c6 bxc6 31. Qd3 0-1

[Event "Winnipeg TNT June op"]
[Site "Winnipeg CAN"]
[Date "1997.06.10"]
[Round "2"]
[White "Piche, Travis"]
[Black "Remillard, John"]
[Result "1-0"]
[WhiteElo "1783"]
[BlackElo "1622"]
[PlyCount "65"]
[GameId "2160767911965715"]
[EventDate "1997.06.??"]
[EventType "swiss"]
[EventRounds "4"]
[EventCountry "CAN"]

1. e4 c5 2. Nf3 Nc6 3. d4 cxd4 4. Nxd4 Nf6 5. Nc3 e6 6. Be2 Bb4 7. Qd3 O-O 8. O-O Re8 9. f4 Bxc3 10. bxc3 d5 11. e5 Nd7 12. g4 f6 13. exf6 Nxf6 14. g5 Ne4 15. h4 e5 16. Nxc6 bxc6 17. Qf3 Rf8 18. Bd3 exf4 19. Bxf4 Nd2 20. Bxd2 Rxf3 21. Rxf3 Rb8 22. Be3 Bg4 23. Rf4 Qd7 24. Raf1 Be6 25. Bc5 g6 26. Ra4 Ra8 27. Rf6 Bf5 28. Bxf5 gxf5 29. Rf4 Re8 30. R4xf5 Qb7 31. h5 Qb1+ 32. Rf1 Qxc2 33. h6 1-0

[Event "Winnipeg TNT June op"]
[Site "Winnipeg CAN"]
[Date "1997.06.10"]
[Round "2"]
[White "Schulz, Manfred"]
[Black "Milord, Frank"]
[Result "1/2-1/2"]
[WhiteElo "1958"]
[BlackElo "1680"]
[PlyCount "55"]
[GameId "2160767911965716"]
[EventDate "1997.06.??"]
[EventType "swiss"]
[EventRounds "4"]
[EventCountry "CAN"]

1. e4 c5 2. Nf3 d6 3. d4 cxd4 4. Nxd4 Nf6 5. Nc3 a6 6. Bc4 e6 7. Bb3 Be7 8. Be3 O-O 9. Qe2 Bd7 10. O-O-O Qc7 11. g4 Nc6 12. Rhg1 Ne5 13. g5 Ne8 14. h4 b5 15. h5 Rc8 16. g6 Nc4 17. gxh7+ Kxh7 18. f4 Nxb2 19. Kxb2 Qxc3+ 20. Kb1 Qc7 21. Rg2 Bf6 22. Bc1 e5 23. fxe5 dxe5 24. Nf3 Be6 25. Bxe6 fxe6 26. Bb2 Qc5 27. Rd3 Nd6 28. Qe1 1/2-1/2

[Event "Winnipeg TNT June op"]
[Site "Winnipeg CAN"]
[Date "1997.06.10"]
[Round "2"]
[White "Schulz, Waldemar"]
[Black "Greenberg, Harley"]
[Result "1-0"]
[WhiteElo "2029"]
[BlackElo "1774"]
[PlyCount "60"]
[GameId "2160767911965717"]
[EventDate "1997.06.??"]
[EventType "swiss"]
[EventRounds "4"]
[EventCountry "CAN"]

1. d4 Nf6 2. Nf3 g6 3. c4 Bg7 4. Nc3 O-O 5. e4 d6 6. Be2 e5 7. dxe5 dxe5 8. Qxd8 Rxd8 9. Bg5 c6 10. O-O Na6 11. Be3 Nb4 12. Bd1 b6 13. c5 b5 14. a3 Nd3 15. b4 Nf4 16. Bb3 Ng4 17. Bd2 Bh6 18. Bxf4 exf4 19. Ne2 Bg7 20. Nxf4 Bb2 21. a4 bxa4 22. Bxa4 Ne5 23. b5 g5 24. bxc6 Nxc6 25. Nd5 Bd4 26. Bxc6 Bxc5 27. g3 Bd7 28. g4 Bd4 29. Kg2 a5 30. h3 Bc5 1-0

[Event "Winnipeg TNT June op"]
[Site "Winnipeg CAN"]
[Date "1997.06.17"]
[Round "3"]
[White "Gibbons, Michael"]
[Black "Schulz, Waldemar"]
[Result "1-0"]
[WhiteElo "2014"]
[BlackElo "2029"]
[PlyCount "109"]
[GameId "2160767911965719"]
[EventDate "1997.06.??"]
[EventType "swiss"]
[EventRounds "4"]
[EventCountry "CAN"]

1. Nf3 Nf6 2. c4 g6 3. g3 Bg7 4. Bg2 c6 5. O-O O-O 6. Nc3 d5 7. cxd5 cxd5 8. d4 Nc6 9. Ne5 Be6 10. Nxc6 bxc6 11. Na4 Ne4 12. f3 Nd6 13. b3 Nf5 14. e3 Qd6 15. Qe1 Nxd4 16. exd4 Bxd4+ 17. Be3 Bxa1 18. Qxa1 f6 19. Re1 Kf7 20. Bc5 Qd7 21. Qc1 Rfe8 22. Bd4 Qd6 23. Qe3 Bf5 24. g4 Bc8 25. Bxa7 e5 26. Nb6 Be6 27. Nxa8 Rxa8 28. Bc5 Qd7 29. Qh6 Kg8 30. g5 Qg7 31. Qxg7+ Kxg7 32. a4 d4 33. Bxd4 Bxb3 34. gxf6+ Kxf6 35. Rxe5 Rxa4 36. Re3+ Rxd4 37. Rxb3 c5 38. Rc3 Rd5 39. Rc2 Ke6 40. Bf1 Kf6 41. Kf2 h6 42. Ke3 Re5+ 43. Kd3 Kf5 44. Rc4 Rd5+ 45. Ke3 g5 46. Re4 h5 47. Bd3 Kf6 48. Re8 Rd6 49. Rf8+ Ke6 50. Rh8 Rd7 51. Rh6+ Kd5 52. Rxh5 Rg7 53. h4 Re7+ 54. Be4+ Kc4 55. hxg5 1-0

[Event "Winnipeg TNT June op"]
[Site "Winnipeg CAN"]
[Date "1997.06.17"]
[Round "3"]
[White "Milord, Frank"]
[Black "Greenberg, Harley"]
[Result "1-0"]
[WhiteElo "1680"]
[BlackElo "1774"]
[PlyCount "41"]
[GameId "2160767911965720"]
[EventDate "1997.06.??"]
[EventType "swiss"]
[EventRounds "4"]
[EventCountry "CAN"]

1. e4 c5 2. Nf3 d6 3. d4 cxd4 4. Nxd4 Nf6 5. Nc3 g6 6. Be3 Bg7 7. f3 Nc6 8. Qd2 O-O 9. O-O-O a6 10. g4 Bd7 11. h4 Rc8 12. h5 g5 13. Nxc6 Rxc6 14. Bxg5 Qa5 15. h6 Bh8 16. Nd5 Qxd2+ 17. Rxd2 Nxd5 18. exd5 Rb6 19. c3 Be5 20. Be3 Rc8 21. Bxb6 1-0

[Event "Winnipeg TNT June op"]
[Site "Winnipeg CAN"]
[Date "1997.06.17"]
[Round "3"]
[White "Schulz, Manfred"]
[Black "Piche, Travis"]
[Result "1-0"]
[WhiteElo "1958"]
[BlackElo "1783"]
[PlyCount "113"]
[GameId "2160767911965721"]
[EventDate "1997.06.??"]
[EventType "swiss"]
[EventRounds "4"]
[EventCountry "CAN"]

1. e4 e5 2. Nf3 Nc6 3. Nc3 Nf6 4. Bb5 Bb4 5. O-O d6 6. d3 Bg4 7. Bg5 a6 8. Ba4 b5 9. Bb3 Nd4 10. Nd5 Ba5 11. c3 Nxf3+ 12. gxf3 Bh3 13. Re1 Rg8 14. Kh1 h6 15. Bxf6 gxf6 16. Rg1 Rg6 17. Rxg6 fxg6 18. Qg1 g5 19. Qg3 Be6 20. Ne3 Bd7 21. d4 c6 22. Rd1 Qe7 23. c4 exd4 24. Rxd4 Bb6 25. Rd1 Qe5 26. Qxe5+ dxe5 27. Kg2 Be6 28. Rd6 Bd7 29. Rxf6 h5 30. Rh6 O-O-O 31. cxb5 axb5 32. Rxh5 Bd4 33. Rxg5 Bxb2 34. h4 c5 35. Rg8 c4 36. Rxd8+ Kxd8 37. Bc2 Be6 38. Nd5 Ba3 39. f4 Bxd5 40. exd5 exf4 41. Kf3 Be7 42. h5 Bg5 43. Kg4 Bh6 44. Kf5 Ke7 45. Kg6 Bf8 46. h6 Bxh6 47. Kxh6 Kf6 48. d6 Ke6 49. Kg5 Kxd6 50. Kxf4 Kd5 51. Ke3 b4 52. f4 Ke6 53. Ke4 c3 54. Bb1 Kf6 55. Kd4 Ke6 56. Kc4 c2 57. Bxc2 1-0

[Event "Winnipeg TNT June op"]
[Site "Winnipeg CAN"]
[Date "1997.06.23"]
[Round "4"]
[White "Schulz, Manfred"]
[Black "Gibbons, Michael"]
[Result "1-0"]
[WhiteElo "1958"]
[BlackElo "2014"]
[PlyCount "59"]
[GameId "2160767911965722"]
[EventDate "1997.06.??"]
[EventType "swiss"]
[EventRounds "4"]
[EventCountry "CAN"]

1. e4 d6 2. d4 Nf6 3. Nc3 g6 4. Nf3 Bg7 5. h3 O-O 6. Be3 c6 7. a4 a5 8. Be2 Na6 9. O-O Nb4 10. Qd2 Qc7 11. Ne1 Rd8 12. Rd1 Nd7 13. f4 d5 14. f5 Nf8 15. fxg6 Nxg6 16. e5 f5 17. Bh6 e6 18. Bh5 Bxh6 19. Qxh6 Qg7 20. Qg5 Ne7 21. Qh4 Kh8 22. Ne2 c5 23. Rf3 Nec6 24. Rg3 Qf8 25. c3 Na6 26. Nf4 Qe7 27. Rg5 Rg8 28. Nf3 Rxg5 29. Nxg5 cxd4 30. Bf7 1-0

[Event "Winnipeg TNT June op"]
[Site "Winnipeg CAN"]
[Date "1997.06.24"]
[Round "4"]
[White "Milord, Frank"]
[Black "Schulz, Waldemar"]
[Result "0-1"]
[WhiteElo "1680"]
[BlackElo "2029"]
[PlyCount "76"]
[GameId "2160767911965723"]
[EventDate "1997.06.??"]
[EventType "swiss"]
[EventRounds "4"]
[EventCountry "CAN"]

1. e4 c5 2. Nf3 e6 3. d4 cxd4 4. Nxd4 a6 5. c4 Nf6 6. Nc3 Bb4 7. Bd3 Bxc3+ 8. bxc3 Qc7 9. O-O d6 10. Bg5 Nbd7 11. Bxf6 Nxf6 12. f4 O-O 13. f5 e5 14. Nf3 Bd7 15. Nd2 b5 16. Qf3 bxc4 17. Bxc4 Bb5 18. Bxb5 axb5 19. g4 d5 20. Rfc1 dxe4 21. Nxe4 Nxe4 22. Qxe4 Ra4 23. Qe2 Qc5+ 24. Kg2 Rfa8 25. Rc2 Rc4 26. Rac1 Re8 27. h3 b4 28. Kf1 f6 29. Qg2 bxc3 30. Re1 Rb8 31. Qe2 Rf4+ 32. Kg2 Qc6+ 33. Kg3 Rd8 34. Rd1 Rfd4 35. Rxd4 exd4 36. Qe6+ Qxe6 37. fxe6 Kf8 38. Kf4 Ke7 0-1

[Event "Winnipeg TNT Oct op"]
[Site "Winnipeg CAN"]
[Date "1997.10.07"]
[Round "1"]
[White "Greenberg, Harley"]
[Black "Schulz, Manfred"]
[Result "0-1"]
[WhiteElo "1748"]
[BlackElo "1985"]
[PlyCount "56"]
[GameId "2160767911931924"]
[EventDate "1997.10.07"]
[EventType "swiss"]
[EventRounds "4"]
[EventCountry "CAN"]

1. e4 c6 2. d4 d5 3. e5 Bf5 4. Nf3 e6 5. Nbd2 c5 6. dxc5 Bxc5 7. Nb3 Bb6 8. Nfd4 Ne7 9. Bg5 Bg6 10. Bd3 Bxd3 11. Qxd3 O-O 12. Qg3 Kh8 13. Qh4 Re8 14. Nb5 Qd7 15. Nd6 Nf5 16. Nxf5 exf5 17. O-O Rxe5 18. Bf6 Re6 19. Bc3 Nc6 20. Rae1 Rae8 21. Qg5 d4 22. Rd1 Qd5 23. g3 Ne5 24. Nxd4 Bxd4 25. Rxd4 Nf3+ 26. Kg2 Ne1+ 27. Kh3 Qg2+ 28. Kh4 Qxh2# 0-1

[Event "Winnipeg TNT Oct op"]
[Site "Winnipeg CAN"]
[Date "1997.10.07"]
[Round "1"]
[White "Hassain, Mahmud"]
[Black "Guenther, Don"]
[Result "1-0"]
[WhiteElo "1894"]
[BlackElo "1715"]
[PlyCount "133"]
[GameId "2160767911931925"]
[EventDate "1997.10.07"]
[EventType "swiss"]
[EventRounds "4"]
[EventCountry "CAN"]

1. e4 d6 2. d4 Nf6 3. Nc3 g6 4. f4 Bg7 5. Bd3 c6 6. a4 Qc7 7. Nf3 Bg4 8. O-O O-O 9. a5 e5 10. fxe5 dxe5 11. dxe5 Bxf3 12. Qxf3 Qxe5 13. Bf4 Qc5+ 14. Kh1 Nbd7 15. Be3 Qb4 16. Bd2 Ne5 17. Qe2 Qd6 18. Be3 h5 19. Rfd1 Neg4 20. Bg1 Qb4 21. Na4 Rfe8 22. c3 Qe7 23. h3 Ne5 24. Bc2 Qc7 25. Nc5 b5 26. axb6 axb6 27. Rxa8 Rxa8 28. Nb3 c5 29. Nd2 Ra2 30. Qb5 Qc6 31. Qxc6 Nxc6 32. Rb1 Nd7 33. Bb3 Ra8 34. Bd5 Nde5 35. Bh2 Rd8 36. Bf4 Ne7 37. Bb7 Nd3 38. Be3 Be5 39. Nc4 Bc7 40. Kg1 Ne5 41. Ba6 Nxc4 42. Bxc4 Be5 43. Rf1 Rf8 44. Rd1 Nc8 45. Rd7 Nd6 46. Bd5 Re8 47. Bg5 Kg7 48. Bd8 Bg3 49. Bc7 Nxe4 50. Rxf7+ Kh6 51. Bxe4 Bxc7 52. Rxc7 Rxe4 53. Rc6 Rf4 54. b3 h4 55. Rxb6 Rf5 56. b4 cxb4 57. cxb4 Kg5 58. Rc6 Rf4 59. b5 Rb4 60. Rb6 Kf5 61. Rb8 Kf4 62. b6 Rb1+ 63. Kh2 Kg5 64. b7 Rb2 65. Kg1 Rb1+ 66. Kf2 Rb2+ 67. Ke1 1-0

[Event "Winnipeg TNT Oct op"]
[Site "Winnipeg CAN"]
[Date "1997.10.07"]
[Round "1"]
[White "Herkert, Dean"]
[Black "Barg, Andrew"]
[Result "0-1"]
[WhiteElo "1634"]
[BlackElo "1836"]
[PlyCount "78"]
[GameId "2160767911931926"]
[EventDate "1997.10.07"]
[EventType "swiss"]
[EventRounds "4"]
[EventCountry "CAN"]

1. f4 d5 2. Nf3 c5 3. e3 Nc6 4. Bb5 Bd7 5. O-O Nf6 6. b3 e6 7. Bb2 Be7 8. Nc3 Qc7 9. Ne2 a6 10. Bxc6 Bxc6 11. Ng3 b5 12. Ne5 O-O 13. Nh5 Bb7 14. f5 exf5 15. Rxf5 Nxh5 16. Rxh5 Bf6 17. Qg4 g6 18. Rf1 Bg7 19. Rg5 f6 20. Qe6+ Kh8 21. Nxg6+ hxg6 22. Rf3 Qf7 23. Rh3+ Kg8 24. Qxf7+ Kxf7 25. Rgg3 Bc8 26. Rh7 Bf5 27. d3 g5 28. Rh5 Kg6 29. Rh4 Rh8 30. Rxh8 Rxh8 31. Rf3 Bd7 32. c4 dxc4 33. bxc4 bxc4 34. d4 cxd4 35. exd4 f5 36. Bc3 Re8 37. d5 Bxc3 38. Rxc3 Bb5 39. Rc2 Re3 0-1

[Event "Winnipeg TNT Oct op"]
[Site "Winnipeg CAN"]
[Date "1997.10.07"]
[Round "1"]
[White "Kim, Phillip"]
[Black "Klokow, John"]
[Result "0-1"]
[WhiteElo "2105"]
[BlackElo "1761"]
[PlyCount "39"]
[GameId "2160767911931927"]
[EventDate "1997.10.07"]
[EventType "swiss"]
[EventRounds "4"]
[EventCountry "CAN"]

1. e4 e5 2. Nf3 Nc6 3. Bb5 f5 4. Nc3 fxe4 5. Nxe4 Nf6 6. Qe2 d5 7. Nxf6+ gxf6 8. d4 Bg7 9. dxe5 O-O 10. Bxc6 bxc6 11. e6 Re8 12. O-O Rxe6 13. Qd3 a5 14. Be3 Ba6 15. Qf5 Re4 16. Rfe1 Bc8 17. Qh5 Bg4 18. Qh4 Bxf3 19. Qh3 Bg4 20. Qg3 0-1

[Event "Winnipeg TNT Oct op"]
[Site "Winnipeg CAN"]
[Date "1997.10.07"]
[Round "1"]
[White "Lange, John"]
[Black "Weijs, Harry"]
[Result "0-1"]
[WhiteElo "1360"]
[BlackElo "1570"]
[PlyCount "112"]
[GameId "2160767911931928"]
[EventDate "1997.10.07"]
[EventType "swiss"]
[EventRounds "4"]
[EventCountry "CAN"]

1. d4 f5 2. c4 Nf6 3. Nc3 d6 4. e3 g6 5. Nf3 Bg7 6. Bd3 c6 7. O-O d5 8. b3 Ne4 9. Ne2 Na6 10. cxd5 Nac5 11. dxc6 Nxd3 12. Qxd3 bxc6 13. Rd1 a5 14. Nd2 Ba6 15. Nc4 O-O 16. f3 Nd6 17. Nf4 Qc8 18. Nb6 Qb7 19. Nc4 Bh8 20. Ne6 Nxc4 21. bxc4 Qb4 22. Nxf8 Kxf8 23. Ba3 Qxc4 24. Qxc4 Bxc4 25. Bc5 Rb8 26. Rd2 a4 27. a3 Kf7 28. e4 fxe4 29. fxe4 Rb5 30. Rc1 Bb3 31. Rf1+ Ke6 32. Rdf2 Rxc5 33. dxc5 Bd4 34. g4 Bxc5 35. Kg2 Bxa3 36. Rf7 h6 37. Rh7 Bc2 38. Rxh6 Bxe4+ 39. Kg3 Bd6+ 40. Kh3 a3 41. Re1 Kd5 42. Rxg6 Bxg6 43. Kh4 a2 44. Ra1 Bb1 45. h3 Be5 46. Rxa2 Bxa2 47. g5 c5 48. Kh5 c4 49. Kh6 Bf4 50. h4 c3 51. Kg6 Bb1+ 52. Kg7 Be4 53. g6 c2 54. h5 c1=Q 55. Kf7 Qc3 56. g7 Qf6+ 0-1